00686nam a22001697a 450000500170000000800410001702000150005805000210007310000270009424501280012125000110024926000420026030000200030250501350032265000290045765000300048620190905094204.0190905b ag ||||| |||| 00| 0 spa d a950435241304aPN4735bB87 19931 aBustos, Elsa Cristina.13aLa pulsión de la sensurab: el rumor : ¿patología social o poder alternativo? y otros ensayosc/ Elsa Cristina Bustos. a1a ed. aLa Plata, Argentina :b[s.n.],c1993. a91 p. ;c20 cm.0 tIdioma, Integración, Soberanía.tLa misión del periodista.tLa mujer, El cristianismo y los medios de comunicación social. 72lembaLibertad de prensa 72lembaCensuraxPeriodismo